000 00597nam a22001937a 4500
005 20251108164100.0
008 250721s1993 xx 000 0 ara d
082 1 4 _aم/956.003/بدو
100 1 _aبدوي، عبد الرحمن
245 1 0 _aموسوعة المستشرقين /
250 _aط3., جديدة و منقحة و مزيدة
264 1 _aبيروت :
_bدار العلم للملايين،
_c1993.
300 _a640ص
650 1 7 _aالتراجم
650 1 7 _aالموسوعات
650 1 7 _aالإستشراق و المستشرقون
942 _2ddc
_cREF
999 _c3127
_d3127